000 00541nam a22002057a 4500
003 OSt
005 20140310182919.0
008 130129t xxu||||| |||| 00| 0 eng d
020 _a9715740812
050 _aPL 6141
_b.Sa255 2004
082 _aFIL 899.211
_b.Sa8 2004
245 _aPanitikan ng Pilipinas
_bpanrehiyon
_cSauco, Consolacion P.
260 _aMakati City
_bKatha Pub.
_cc2004
300 _a284 p.
_c26 cm.
521 _acollege students
526 _c1210L-1700L
541 _j1
562 _e1
942 _2lcc
_cBK
_kFIL
999 _c17323
_d17323